00778pam a2200253 a 4500001000800000005001700008008004100025010001700066020003200083040001800115041000800133042000900141043001200150080002000162082002400182100000700206101000800213245004600221504006400267906004500331942001200376999001700388952011900405252389420180214045220.0930608s1994 nyua j b 001 0 eng  a 93025791  a0195080467 (acidfree paper) aDLCcDLCdDLC aeng alcac an-us--- a305.420973 har00a305.420973 har2201 a16 ahis10aLaborers for liberty :cHarriet Sigerman. aIncludes bibliographical references (p. 138-139) and index. a7bcbccorignewd1eocipf19gy-gencatlg 2ddccBK c42480d42480 00102udc40708PËKGa002b002cPËKGd2018-02-14l0o305.420973 harp002-2998142r2018-02-14w2018-02-14yBK